00562cam a22002054a 45000010009000000050017000090080041000260100017000670200015000840400018000990410008001170420008001250430012001330800016001450820020001611000007001811010008001882450096001965040064002921220378620180122085640.0001017s2001 vaua bs 001 0 eng  a 00012007  a0871205041 aDLCcDLCdDLC aeng apcc an-us--- a371.102 MAR00a371.102 MAR2211 a47 aEDU10aClassroom instruction that works :cRobert J. Marzano, Debra J. Pickering, Jane E. Pollock. aIncludes bibliographical references (p. 161-173) and index.